KOHA-Header-6

Elementary Number Theory (Record no. 6600)

000 -LEADER
fixed length control field 00260nam a2200109Ia 4500
100 ## - MAIN ENTRY--AUTHOR NAME
Personal name David M. Burton
245 #0 - TITLE STATEMENT
Title Elementary Number Theory
260 ## - PUBLICATION, DISTRIBUTION, ETC. (IMPRINT)
Place of publication USA
Name of publisher Marcel Dekker
Year of publication 1998
300 ## - PHYSICAL DESCRIPTION
Number of Pages 386
942 ## - ADDED ENTRY ELEMENTS (KOHA)
Koha item type Books
Holdings
Withdrawn status Lost status Collection code Permanent Location Current Location Shelving location Date acquired Full call number Accession Number Koha item type
    Statistics MAJU MAJU Shelf No.A27 2019-09-07 621.3813 277 Statistics

Powered by Koha